Z kim walczyła wtedy polska - Statystyki

Ogólne statystyki
  • Ten quiz został rozwiązany 69 razy
  • Średni wynik to 9 z 23
Statystyki odpowiedzi
Konflikt Przeciwnicy % Poprawnych
Wojna polsko-czeska(988-990) Czechy
95%
Wojna polsko-niemiecka(1028-1031) Czechy
95%
Wojna polsko-czesko-krzyżacka Czechy
95%
II wojna polsko-rosyjska Rosja
85%
Wojna polsko-ukraińska Ukraińska Republika Ludowa / Ukraina
77%
Kampania wrześniowa ZSRR / Związek Radziecki
60%
II wojna polsko-rosyjska Szwecja
52%
Kampania wrześniowa Słowacja
50%
Kampania wrześniowa III Rzesza
43%
Wojna o księstwo halicko-włodzimierskie Litwa / Wielkie Księstwo Litewskie
40%
Wojna polsko-czesko-krzyżacka Zakon krzyżacki
33%
Wojna Trzynastoletnia Zakon Krzyżacki
33%
Powstanie Chmielnickiego Kozacy
27%
Wojna polsko-niemiecka(1028-1031) Święte Cesarstwo Rzymskie / I Rzesza
27%
Wojna Trzynastoletnia Dania
22%
Wojna polsko-niemiecka(1028-1031) Ruś Kijowska
15%
Wojna o księstwo halicko-włodzimierskie Tatarzy / Złota Orda
15%
Powstanie Chmielnickiego Chanat Krymski
3%
Wojna polsko-czesko-krzyżacka Mazowsze / Księstwo Mazowieckie
3%
Wojna o księstwo halicko-włodzimierskie Księstwo Halickie
2%
I Wojna o Lubusz Marchia Łużycka
2%
Wojna polsko-ukraińska Zachodnioukraińska Republika Ludowa
2%
Wojna Trzynastoletnia Zakon Inflancki / Zakon Liwoński
0%
Nie znaleziono quizów pasujących do podanych kryteriów
Rozkład punktacji
Procent ludzi z każdym wynikiem
Percentyl według liczby udzielonych odpowiedzi
Twoja historia wyników
Nie rozwiązałeś tego quizu